Normal view
MARC view
- Mettler, Bernard
Entry Personal Name
001 - CONTROL NUMBER
- control field: 110844
003 - CONTROL NUMBER IDENTIFIER
- control field: NUST
005 - DATE AND TIME OF LATEST TRANSACTION
- control field: 20230321123551.0
008 - FIXED-LENGTH DATA ELEMENTS
- fixed length control field: 230321|| aca||aabn | a|a d
040 ## - CATALOGING SOURCE
- Original cataloging agency: NUST
- Transcribing agency: NUST
100 ## - HEADING--PERSONAL NAME
- Personal name: Mettler, Bernard
670 ## - SOURCE DATA FOUND
- Source citation: Work cat.: (NUST)0: Mettler, Bernard., Identification modeling and characteristics of miniature rotorcraft /, 2003.
